000
00236nam a22001097a 4500
999
_c
65348
_d
65345
082
_a
297.17 MAA
100
_a
Dr.Mahar Abdul Haq
245
_a
EDUCATIONAL PHILOSOPHY OF THE HOLY QURAN
260
_a
Lahore
300
_a
330
942
_c
BK